<?xml version="1.0" encoding="UTF-8"?>
<record
    xmlns:xsi="http://www.w3.org/2001/XMLSchema-instance"
    xsi:schemaLocation="http://www.loc.gov/MARC21/slim http://www.loc.gov/standards/marcxml/schema/MARC21slim.xsd"
    xmlns="http://www.loc.gov/MARC21/slim">

  <leader>01848nam a2200325uu 4500</leader>
  <controlfield tag="001">970133</controlfield>
  <controlfield tag="005">20260414101359.0</controlfield>
  <controlfield tag="007">cr|||||||</controlfield>
  <controlfield tag="008">060406s2006                        spa  </controlfield>
  <datafield tag="035" ind1=" " ind2=" ">
    <subfield code="a">970133</subfield>
  </datafield>
  <datafield tag="040" ind1=" " ind2=" ">
    <subfield code="c">comduadb</subfield>
  </datafield>
  <datafield tag="041" ind1=" " ind2=" ">
    <subfield code="a">spa</subfield>
  </datafield>
  <datafield tag="080" ind1=" " ind2=" ">
    <subfield code="a">EEI</subfield>
  </datafield>
  <datafield tag="100" ind1="1" ind2="0">
    <subfield code="a">Zapata Zapata, Fernando</subfield>
    <subfield code="4">aut</subfield>
    <subfield code="e">aut</subfield>
    <subfield code="9">418464</subfield>
  </datafield>
  <datafield tag="245" ind1="1" ind2="0">
    <subfield code="a">An&#xE1;lisis comparativo entre la implementaci&#xF3;n de una soluci&#xF3;n OLAP por medio de la arquitectura relacional ROLAP vs la arquitectura multidimensional MOLAP</subfield>
  </datafield>
  <datafield tag="260" ind1=" " ind2=" ">
    <subfield code="a">Medell&#xED;n :</subfield>
    <subfield code="b">[sin publicador],</subfield>
    <subfield code="c">2006.</subfield>
  </datafield>
  <datafield tag="300" ind1=" " ind2=" ">
    <subfield code="a">97 p&#xE1;ginas</subfield>
  </datafield>
  <datafield tag="500" ind1=" " ind2=" ">
    <subfield code="a">Localizaci&#xF3;n: Centro de Documentaci&#xF3;n CENDOI, 20 -146. Clasificaci&#xF3;n: EEI 06981.</subfield>
  </datafield>
  <datafield tag="520" ind1="3" ind2=" ">
    <subfield code="a">Los almacenes de datos se han convertido en uno de los principales sistemas de informaci&#xF3;n empresarial debido a su utilidad en la toma de decisiones estrat&#xE9;gicas. Con este trabajo se pretende plantear algunos par&#xE1;metros que sirvan como m&#xE9;tricas para tener en cuenta al momento de seleccionar una arquitectura en la base de datos para los Data Warehouse. Aunque en el mercado existen diversas y variadas opciones para seleccionar, este trabajo considerara las arquitecturas ROLAP y MOLAP ya que son las m&#xE1;s utilizadas y conocidas en el medio.</subfield>
  </datafield>
  <datafield tag="650" ind1=" " ind2=" ">
    <subfield code="a">Data Warehouse</subfield>
    <subfield code="9">36694</subfield>
  </datafield>
  <datafield tag="650" ind1=" " ind2=" ">
    <subfield code="a">OLAP (Procesamiento anal&#xED;tico en l&#xED;nea)</subfield>
    <subfield code="9">69330</subfield>
  </datafield>
  <datafield tag="650" ind1=" " ind2="7">
    <subfield code="a">Sistemas de informaci&#xF3;n</subfield>
    <subfield code="2">lemb</subfield>
    <subfield code="9">42886</subfield>
  </datafield>
  <datafield tag="650" ind1=" " ind2=" ">
    <subfield code="a">Modelo relacional</subfield>
    <subfield code="9">165148</subfield>
  </datafield>
  <datafield tag="650" ind1=" " ind2=" ">
    <subfield code="a">MOLAP (multidimensional OLAP)</subfield>
    <subfield code="9">164822</subfield>
  </datafield>
  <datafield tag="650" ind1=" " ind2=" ">
    <subfield code="a">ROLAP (Relational OLAP)</subfield>
    <subfield code="9">164133</subfield>
  </datafield>
  <datafield tag="700" ind1="1" ind2="0">
    <subfield code="a">Rodr&#xED;guez &#xDA;suga, Wildiman</subfield>
    <subfield code="4">aut</subfield>
    <subfield code="e">aut</subfield>
    <subfield code="9">421680</subfield>
  </datafield>
  <datafield tag="700" ind1="1" ind2="0">
    <subfield code="a">Zuluaga Arias, Wilson</subfield>
    <subfield code="4">ths</subfield>
    <subfield code="e">ths</subfield>
    <subfield code="9">526988</subfield>
  </datafield>
  <datafield tag="942" ind1=" " ind2=" ">
    <subfield code="c">TESIS</subfield>
    <subfield code="n">0</subfield>
  </datafield>
  <datafield tag="999" ind1=" " ind2=" ">
    <subfield code="c">376565</subfield>
    <subfield code="d">376565</subfield>
  </datafield>
  <datafield tag="500" ind1=" " ind2=" ">
    <subfield code="a">Tesis (Especialista en Ciencias Electronicas e Informatica con Enfasis en Bases de Datos) Universidad de Antioquia - T&#xED;tulo del grado otorgado</subfield>
  </datafield>
</record>
